Fnaf animatronics - Statistics

General Stats
  • This quiz has been taken 322 times
  • The average score is 27 of 43
Answer Stats
Hint Answer % Correct
Chica
98%
Fnaf 1 Freddy
98%
Bonnie
97%
Foxy
97%
Golden freddy
95%
Fnaf 2 Toy freddy
93%
Toy bonnie
92%
Toy chica
92%
Mangle
91%
Balloon boy
82%
Puppet
78%
Nightmare
74%
Fnaf 3 Springtrap
72%
Nightmare bonnie
71%
Nightmare chica
71%
Fnaf 4 Nightmare freddy
71%
Phantom freddy
68%
Nightmare foxy
66%
Phantom chica
66%
Phantom foxy
65%
Ballora
64%
Funtime Foxy
62%
Funtime Freddy
62%
Phantom balloon boy
62%
Sister Location Baby
60%
Phantom puppet
58%
Phantom mangle
56%
Nightmare fredbear
55%
Ennard
51%
BonBon
50%
Nightmare balloon boy
50%
Nightmare mangle
50%
Old bonnie
45%
Old chica
45%
Old foxy
45%
Old freddy
45%
Bidybab
43%
Lolbit
43%
Minireena
42%
Old golden freddy
40%
Yendo
18%
Nightmare cupcake
17%
Nightmarionette
15%
No matching quizzes found
Score Distribution
Percent of People with Each Score
Percentile by Number Answered
Your Score History
You have not taken this quiz